100 Famous Actors - Statistics

General Stats
  • This quiz has been taken 70 times
  • The average score is 32 of 100
Answer Stats
Movies/ Shows Actor % Correct
Predator, The Terminator, Total Recall Arnold Schwarzenegger
77%
Donnie Brasco, Scarface, The Godfather Al Pacino
75%
Die Hard, Looper, Pulp Fiction Bruce Willis
67%
Gandhi, Schindler's List, Shutter Island Ben Kingsley
65%
Dirty Harry, Million Dollar Baby, The Good The Bad and the Ugly Clint Eastwood
63%
Peaky Blinders, The Darjeeling Limited, The Pianist Adrien Brody
60%
Raiders of the Lost Ark, Star Wars, The Fugitive Harrison Ford
60%
Funny People, The Longest Yard, The Wedding Singer Adam Sandler
58%
American Psychoy Batman Begins, Empire of the Sun Christian Bale
58%
About Schmidt, One Flew Over the Cuckoo's Nest, The Shining Jack Nicholson
58%
American Sniper, Maestro, Silver Linings Playbook Bradley Cooper
56%
Fences, Glory, Training Day Denzel Washington
56%
American History X, Birdman, Fight Club Edward Norton
56%
Catwoman, Jungle Fever, Monster's Ball Halle Berry
54%
Ali, Django Unchained, Ray Jamie Foxx
54%
Ace Ventura: Pet Detective, Dumb and Dumber, The Truman Show Jim Carrey
54%
A Nightmare on Elm Street, Donnie Brasco, Pirates of the Carribean Johnny Depp
53%
Hacksaw Ridge, The Amazing Spider-Man, The Social Network Andrew Garfield
49%
The Big Lebowski, Tron, True Grit Jeff Bridges
49%
Argo, Breaking Bad, Malcolm in the Middle Bryan Cranston
47%
From Dusk Till Dawn, Ocean's Eleven, The Descendants George Clooney
47%
Erin Brockovich, Ocean's Eleven, Pretty Woman Julia Roberts
47%
Good Will Hunting, Jason Bourne, Ocean's Eleven Matt Damon
47%
Independence Day, Jurassic Park, The Fly Jeff Goldblum
46%
Passengers, Silver Linings Playbook, The Hunger Games Jennifer Lawrence
46%
Bill & Ted's Excellent Adventure, Constantine, John Wick Keanu Reeves
46%
Easy A, Poor Things, Zombieland Emma Stone
44%
Bram Stoker's Dracula, Darkest Hour, Harry Potter Gary Oldman
44%
Meet the Parents, Raging Bull, Taxi Driver Robert De Niro
44%
Interstellar, The Dark Knight Rises, The Intern Anne Hathaway
42%
Insomnia, Million Dollar Baby, The Resident Hilary Swank
42%
Lethal Weapon, Mad Max, Signs Mel Gibson
42%
Batman, Beetlejuice, Birdman Michael Keaton
42%
Face/Off, Leaving Las Vegas, Mandy Nicolas Cage
42%
Fargo, Primal Fear, Three Billboards Outside Ebbing Missouri Frances McDormand
40%
Rio Bravo, The War Wagon, True Grit John Wayne
40%
Apocalypse Now, Superman, The Godfather Marlon Brando
40%
Catch Me If You Can, The Deer Hunter, True Romance Christopher Walken
39%
Django Unchained, Inglourious Basterds, Most Dangerous Game Christoph Waltz
39%
Arrival, Black Panther, The Last King of Scotland Forest Whitaker
39%
Basic Instinct, Falling Down, Wall Street Michael Douglas
39%
Arrival, Julie & Julia, Man of Steel Amy Adams
37%
Dead Poet's Society, The Purge, Training Day Ethan Hawke
37%
American Horror Story, Home Alone, Richie Rich Macaulay Culkin
37%
Doubt, Julie & Julia, Sophie's Choice Meryl Streep
37%
Driving Miss Daisy, Glory, The Shawshank Redemption Morgan Freeman
37%
Mission: Impossible, Top Gun, Tropic Thunder Tom Cruise
35%
Captain Phillips, Forrest Gump, The Money Pit Tom Hanks
35%
10 Cloverfield Lane, Roseanne, The Big Lebowski John Goodman
33%
A Beautiful Mind, Gladiator, The Nice Guys Russell Crowe
33%
Bombshell, Monster, The Italian Job Charlize Theron
32%
Masters of the Universe, Rocky IV, Universal Soldier Dolph Lundgren
32%
Deadpool, Green Lantern, The Proposal Ryan Reynolds
32%
Dr. No, Finding Forrester, Indiana Jones and the Last Crusade Sean Connery
32%
Bombshell, Once Upon a Time in Hollywood, The Wolf of Wall Street Margot Robbie
28%
Schindler's List, The Grand Budapest Hotel, The Menu Ralph Fiennes
28%
Bird Box, Gravity, The Proposal Sandra Bullock
28%
First Blood, Rocky, The Expendables Sylvester Stallone
28%
Big Trouble in Little China, Tango & Cash, The Hateful Eight Kurt Russell
26%
Gattaca, Kill Bill, Pulp Fiction Uma Thurman
26%
Split, The Menu, The Witch Anya Taylor-Joy
25%
Predator, Rocky, The Mandalorian Carl Weathers
23%
Bad Lieutenant, Reservoir Dogs, Taxi Driver Harvey Keitel
23%
Boogie Nights, Still Alice, The Lost World: Jurassic Park Julianne Moore
23%
Cocaine Bear, Cop Land, Goodfellas Ray Liotta
23%
Here Comes the Boom, Kevin Can Wait, The King of Queens Kevin James
21%
Apocalypse Now, Mystic River, The Matrix Laurence Fishburne
21%
Batman Returns, Scarface, The Witches of Eastwick Michelle Pfeiffer
21%
Guns Akimbo, Miracle Workers, Weird: The Al Yankovic Story Daniel Radcliffe
19%
Mission: Impossible 3, Shaun of the Dead, Star Trek Simon Pegg
19%
Blade, Demolition Man, White Men Can't Jump Wesley Snipes
19%
Kill Bill, Splash, Wall Street Daryl Hannah
18%
Manhattan, Morning Glory, The Godfather Diane Keaton
18%
Jackie, Star Wars, Thor Natalie Portman
18%
Hot Fuzz, Shaun of the Dead, The World's End Nick Frost
18%
Sister Act, The Color Purple, The Long Walk Home Whoopi Goldberg
18%
A Time To Kill, Amistad, The Gentlemen Matthew McConaughey
16%
Dogma, From Dusk Till Dawn, Thr Hitman's Bodyguard Salma Hayek
16%
Captain Fantastic, Green Book, The Road Viggo Mortensen
16%
Breaking Bad, Desperado, Machete Danny Trejo
14%
Inland Empire, Jurassic Park, Little Women Laura Dern
14%
Deep Blue Sea, Jungle Fever, Pulp Fiction Samuel L. Jackson
14%
Beetlejuice, Edward Scissorhands, Stranger Things Winona Ryder
14%
Breaking Bad, The Boys, The Mandalorian Giancarlo Esposito
12%
Fences, How to Get Away with Murder, Ma Rainey's Black Bottom Viola Davis
12%
Annihilation, Single White Female, The Hateful Eight Jennifer Jason Leigh
11%
Nightcrawler, Sound of Metal, The Night Of Riz Ahmed
11%
Beauty and the Beast, Hellboy, Sons of Anarchy Ron Perlman
11%
Jojo Rabbit, The Green Mile, Three Billboards Outside Ebbing Missouri Sam Rockwell
11%
Funny People, Knocked Up, Steve Jobs Seth Rogen
11%
Platoon, Spider-Man, The Florida Project Willem Dafoe
11%
Three Billboards Outside Ebbing Missouri, True Detective, Zombieland Woody Harrelson
11%
Nebraska, The Great Gatsby, The Hateful Eight Bruce Dern
7%
Family Guy, Star Wars, The Burbs Carrie Fisher
7%
Blade Runner 2049, Forrest Gump, Moneyball Robin Wright
5%
Alita: Battle Angel, Bird Box, Brand New Cherry Flavor Rosa Salazar
4%
Independence Day, Kill Bill, Two Can Play That Game Vivica A. Fox
4%
Guardians of the Galaxy, Star Trek, The Terminal Zoe Saldana
4%
Maid, Poor Things, The Nice Guys Margaret Qualley
2%
Fallout, The Hateful Eight, Vice Principals Walton Goggins
2%
No matching quizzes found
Score Distribution
Percent of People with Each Score
Percentile by Number Answered
Your Score History
You have not taken this quiz